| 000 -LEADER |
| fixed length control field |
00625nam a22001937a 4500 |
| 008 - FIXED-LENGTH DATA ELEMENTS--GENERAL INFORMATION |
| fixed length control field |
210907b ||||| |||| 00| 0 eng d |
| 020 ## - INTERNATIONAL STANDARD BOOK NUMBER |
| International Standard Book Number |
9789280115185 |
| 082 ## - DEWEY DECIMAL CLASSIFICATION NUMBER |
| Classification number |
628.1686 |
| Item number |
IMO |
| 100 ## - MAIN ENTRY--PERSONAL NAME |
| Personal name |
International Maritime Organization |
| 245 ## - TITLE STATEMENT |
| Title |
Guidelines for the development of shipboard marine pollution emergency plans |
| 250 ## - EDITION STATEMENT |
| Edition statement |
2010 |
| 260 ## - PUBLICATION, DISTRIBUTION, ETC. (IMPRINT) |
| Place of publication, distribution, etc |
London |
| Name of publisher, distributor, etc |
International Maritime Organization |
| Date of publication, distribution, etc |
2010 |
| 300 ## - PHYSICAL DESCRIPTION |
| Extent |
v,61p. |
| 650 ## - SUBJECT ADDED ENTRY--TOPICAL TERM |
| Topical term or geographic name as entry element |
Ships--Inspection |
| 650 ## - SUBJECT ADDED ENTRY--TOPICAL TERM |
| Topical term or geographic name as entry element |
Marine pollution--Law and legislation |
| 650 ## - SUBJECT ADDED ENTRY--TOPICAL TERM |
| Topical term or geographic name as entry element |
Oil pollution of the sea--Law and legislation |
| 650 ## - SUBJECT ADDED ENTRY--TOPICAL TERM |
| Topical term or geographic name as entry element |
Marine pollution |
| 942 ## - ADDED ENTRY ELEMENTS (KOHA) |
| Item type |
Books |